| 000 | 00938nam a22003010a 4500 | ||
|---|---|---|---|
| 001 | PT22212 | ||
| 003 | AR-LpoUNG | ||
| 005 | 20210131233047.0 | ||
| 008 | 191001s1997||||ck |||||||||||||||||spa d | ||
| 040 |
_aAR-LpoUNG _bspa _cAR-LpoUNG _eaacr |
||
| 041 | _aspa | ||
| 044 | _ack | ||
| 082 | 0 | _a407 352des | |
| 100 | 1 |
_aBautista Barajas, Alix Susana _eed. |
|
| 245 | 1 | 0 |
_aDescubriendo niños escritores : _binvestigación sobre la construcción de textos literarios |
| 250 | _a1§ edición | ||
| 260 |
_aBogotá : _bIDEP, _coctubre 1997. |
||
| 300 |
_a215 p. : _bil. |
||
| 650 | 4 | _aEDUCACION | |
| 650 | 4 | _aEDUCACION SOBRE EL DESARROLLO | |
| 650 | 4 | _aENSEÑANZA | |
| 650 | 4 | _aINVESTIGACION EDUCATIVA | |
| 651 | 4 | _aDOCUMENTOS TEORICOS O METODOLOGICOS | |
| 700 | 1 |
_aFrías Navarra, Matilde _eed. |
|
| 710 | 2 | _aInstituto para la Investigación Educativa y el Desarrollo Pedagógico (Bogotá) | |
| 905 | _a22212 | ||
| 942 | _cLIB | ||
| 999 |
_c18971 _d18971 |
||